[Event "Niederbayern-ch"]
[Site "Vilshofen"]
[Date "2018.04.05"]
[Round "2"]
[White "Staehly, Basil"]
[Black "Haselbeck, Franz"]
[Result "0-1"]
[WhiteElo "1633"]
[BlackElo "1887"]
[PlyCount "58"]
[EventDate "2018.04.05"]
[EventType "swiss"]
[EventRounds "7"]
[EventCountry "GER"]
[SourceTitle "EXT 2023"]
[Source "ChessBase"]
[SourceDate "2022.10.05"]
[SourceVersion "1"]
[SourceVersionDate "2022.10.05"]
[SourceQuality "1"]

1. d4 Nf6 2. c4 c5 3. e3 g6 4. Nf3 Bg7 5. Be2 0-0 6. 0-0 e6 7. Nc3 cxd4 8. exd4 d5 9. b3 Ne4 10. Bb2 Nc6 11. cxd5 exd5 12. h3 Re8 13. Bb5 Bf5 14. Rc1 Rc8 15. Ne2 Bh6 16. Ra1 Nd6 17. Bxc6 Rxc6 18. Ne5 Rc8 19. Bc1 Bc2 20. Qe1 Bg7 21. Qd2 Ne4 22. Qf4 Qe7 23. Nf3 Bd3 24. Re1 Rc2 25. Qe3 Bxe2 26. Rxe2 Rxe2 27. Qxe2 Qc7 28. Be3 Nf6 29. Rc1 Qxc1+ 0-1

[Event "Niederbayern-ch"]
[Site "Vilshofen"]
[Date "2017.04.23"]
[Round "7"]
[White "Staudinger, Simon"]
[Black "Staehly, Basil"]
[Result "1-0"]
[WhiteElo "1735"]
[BlackElo "1609"]
[PlyCount "74"]
[EventDate "2017.04.20"]
[EventType "swiss"]
[EventRounds "7"]
[EventCountry "GER"]
[SourceTitle "EXT 2023"]
[Source "ChessBase"]
[SourceDate "2022.10.05"]
[SourceVersion "1"]
[SourceVersionDate "2022.10.05"]
[SourceQuality "1"]

1. d4 d5 2. c4 dxc4 3. Nf3 Nf6 4. Bf4 c5 5. e3 Bg4 6. Bxc4 e6 7. 0-0 Nc6 8. Bb5 cxd4 9. Bxc6+ bxc6 10. exd4 Be7 11. h3 Bh5 12. Qd3 Bxf3 13. Qxf3 0-0 14. Rd1 Nd5 15. Bg3 Qb6 16. Rd2 Bg5 17. Rc2 Qxd4 18. Na3 Be7 19. Rd1 Qb4 20. Rd3 Bd6 21. Rb3 Qe1+ 22. Kh2 Bxg3+ 23. Qxg3 Nb4 24. Rc4 a5 25. Nc2 Nxc2 26. Rxc2 Qb1 27. Rxc6 Qxa2 28. Rb7 Qd5 29. Qc7 Qd8 30. Qe5 Rb8 31. Rcc7 Ra8 32. Rd7 Qf6 33. Qxf6 gxf6 34. Kg3 Rab8 35. Rxf7 Rxb7 36. Rxb7 Rf7 37. Rb6 Rg7+ 1-0

[Event "Niederbayern-ch"]
[Site "Vilshofen"]
[Date "2017.04.22"]
[Round "5"]
[White "Staehly, Basil"]
[Black "Bernauer, Thomas"]
[Result "0-1"]
[WhiteElo "1609"]
[BlackElo "1952"]
[PlyCount "32"]
[EventDate "2017.04.20"]
[EventType "swiss"]
[EventRounds "7"]
[EventCountry "GER"]
[SourceTitle "EXT 2023"]
[Source "ChessBase"]
[SourceDate "2022.10.05"]
[SourceVersion "1"]
[SourceVersionDate "2022.10.05"]
[SourceQuality "1"]

1. d4 e6 2. c4 d5 3. Nc3 c5 4. Nf3 cxd4 5. Nxd4 e5 6. Nf3 d4 7. Nd5 Nc6 8. e3 Nf6 9. exd4 e4 10. Bf4 exf3 11. Nc7+ Kd7 12. Qxf3 Bb4+ 13. Kd1 Nxd4 14. Qd3 Kc6 15. Nxa8 Bf5 16. Qg3 Nc2+ 0-1

[Event "Niederbayern-ch"]
[Site "Vilshofen"]
[Date "2017.04.20"]
[Round "2"]
[White "Sierian, Peter"]
[Black "Staehly, Basil"]
[Result "1/2-1/2"]
[WhiteElo "1840"]
[BlackElo "1609"]
[PlyCount "81"]
[EventDate "2017.04.20"]
[EventType "swiss"]
[EventRounds "7"]
[EventCountry "GER"]
[SourceTitle "EXT 2023"]
[Source "ChessBase"]
[SourceDate "2022.10.05"]
[SourceVersion "1"]
[SourceVersionDate "2022.10.05"]
[SourceQuality "1"]

1. d4 d5 2. c4 dxc4 3. e3 e5 4. Bxc4 exd4 5. Qxd4 Qxd4 6. exd4 Bd6 7. Nc3 Ne7 8. Nge2 0-0 9. Bd2 Nbc6 10. Nb5 Bd7 11. Nxd6 cxd6 12. 0-0 d5 13. Bb3 Nf5 14. Bxd5 Nfxd4 15. Nxd4 Nxd4 16. Bxb7 Rab8 17. Ba6 Rxb2 18. Bc3 Ne2+ 19. Bxe2 Rxe2 20. Rfe1 Rfe8 21. Rxe2 Rxe2 22. Rd1 Be8 23. Re1 Rxe1+ 24. Bxe1 Bc6 25. f4 f5 26. Kf2 Kf7 27. g3 Ke6 28. Bc3 g6 29. Ke3 Kd5 30. a3 a6 31. Bb4 Bb5 32. Bf8 Bf1 33. h4 h5 34. Be7 Bb5 35. Bd8 Bf1 36. a4 Kc4 37. a5 Bd3 38. Bb6 Bf1 39. Kf2 Bh3 40. Bd8 Bg4 41. Ke3 1/2-1/2

[Event "Niederbayernliga 1213"]
[Site "Bayern"]
[Date "2013.??.??"]
[Round "9"]
[White "Kutheil, Rainer"]
[Black "Staehly, Basil"]
[Result "0-1"]
[WhiteElo "1262"]
[BlackElo "1469"]
[PlyCount "78"]
[EventDate "2012.10.14"]
[EventType "team-tourn"]
[EventRounds "9"]
[EventCountry "GER"]
[SourceTitle "EXT 2023"]
[Source "ChessBase"]
[SourceDate "2022.10.05"]
[SourceVersion "1"]
[SourceVersionDate "2022.10.05"]
[SourceQuality "1"]
[WhiteTeam "Straubing SC"]
[BlackTeam "Aidenbach"]
[WhiteTeamCountry "GER"]
[BlackTeamCountry "GER"]

1. e4 e6 2. d4 d5 3. Bd3 Nf6 4. e5 Nfd7 5. c3 c5 6. Nf3 Nc6 7. 0-0 Qb6 8. Qb3 Qxb3 9. axb3 cxd4 10. cxd4 Be7 11. Re1 Nb4 12. Rd1 Nxd3 13. Rxd3 0-0 14. Nc3 a6 15. Bd2 f6 16. Ne2 fxe5 17. Nxe5 Bd6 18. Nxd7 Bxd7 19. b4 Rac8 20. Bc3 Rf6 21. f3 Rh6 22. h3 Rf6 23. Re1 Ba4 24. Ra1 Bb5 25. Re3 Kf7 26. Re1 Ke7 27. Rc1 Kd7 28. Kf2 Bxe2 29. Rxe2 Bxb4 30. Rec2 Bxc3 31. Rxc3 Rff8 32. Ke3 Rxc3+ 33. Rxc3 Rc8 34. Rxc8 Kxc8 35. f4 Kd7 36. g4 g6 37. b3 a5 38. Kd3 b5 39. Kc2 Ke7 0-1

[Event "Niederbayernliga 1213"]
[Site "Bayern"]
[Date "2013.??.??"]
[Round "8"]
[White "Staehly, Basil"]
[Black "Bauer, David1111"]
[Result "0-1"]
[WhiteElo "1469"]
[BlackElo "1673"]
[PlyCount "40"]
[EventDate "2012.10.14"]
[EventType "team-tourn"]
[EventRounds "9"]
[EventCountry "GER"]
[SourceTitle "EXT 2023"]
[Source "ChessBase"]
[SourceDate "2022.10.05"]
[SourceVersion "1"]
[SourceVersionDate "2022.10.05"]
[SourceQuality "1"]
[WhiteTeam "Aidenbach"]
[BlackTeam "Schaibing"]
[WhiteTeamCountry "GER"]
[BlackTeamCountry "GER"]

1. Nf3 g6 2. g3 Bg7 3. Bg2 e5 4. d3 Nc6 5. e4 d6 6. 0-0 Nge7 7. Nc3 0-0 8. Be3 f5 9. exf5 Bxf5 10. Ng5 h6 11. Nh3 Qd7 12. Nf4 exf4 13. Bxf4 Rae8 14. Qd2 g5 15. Be3 Bh3 16. Bxc6 Qxc6 17. f4 Bxf1 18. Rxf1 gxf4 19. Rxf4 Rxf4 20. Bxf4 Nf5 0-1